| 000 | 02227nam0a2200325 i 4500 | ||
|---|---|---|---|
| 001 | RU\NLR\BIBL_A\011274660 | ||
| 005 | 20241101194927.0 | ||
| 010 |
_a9785444454794 _9300 |
||
| 021 |
_aRU _b2016-84765 _95540 |
||
| 035 | _a(NLR Aleph) 011274660 | ||
| 090 |
_a10838638 _c10838638 |
||
| 100 | _a20161118d2016 um y0rusy50 ca | ||
| 101 | 0 | _arus | |
| 102 | _aRU | ||
| 105 | _aa|||j|||000zy | ||
| 200 | 1 |
_aОборудование электронно-лучевых комплексов для производства продукции современной энергетики _eучебное пособие _eпо курсам: "Технология обработки материалов КПЭ", "Оборудование и технологии сварки плавлением", "Проектирование специализированного оборудования и оснастки для обработки КПЭ", "Плазменные, лучевые, электронно-лучевые и лазерные установки" _fА.В. Щербаков, В.В. Новокрещенов, Р.В. Родякина, В.Н. Ластовиря _g[науч. ред.: д.т.н., акад., В.П. Рубинчик, д.т.н., проф. М.А. Каримбеков] |
|
| 210 |
_aМосква _cВече _d2016 |
||
| 215 |
_a206, [1] с. _cил. _d22 |
||
| 320 | _aБиблиогр.: с. 203-204 (19 назв.) | ||
| 606 |
_aЭлектронно-лучевая сварка _jУчебные издания для высших учебных заведений _9965293 _3RU\NLR\AUTH\6642253 |
||
| 686 | 1 | _aК641.573я73-1 | |
| 701 | 1 |
_7ca _8rus _aЩербаков _bА. В. _cд-р техн. наук _gАлексей Владимирович _9155248 _3RU\NLR\AUTH\770155287 |
|
| 701 | 1 |
_aНовокрещенов _bВ. В. _gВиктор Васильевич |
|
| 701 | 1 |
_aРодякина _bР. В. _gРегина Владимировна |
|
| 701 | 1 |
_aЛастовиря _bВ. Н. _gВячеслав Николаевич |
|
| 702 | 1 |
_aРубцов _bВ. П. _gВиктор Петрович _4340 |
|
| 942 | _cBOOK | ||
| 980 | _aNBR | ||